| 000 | 00698nam a2200217 a 4500 | ||
|---|---|---|---|
| 005 | 20220802154849.0 | ||
| 008 | 991125s1992 mx 000 0 spa u | ||
| 020 | _a9682925444 | ||
| 035 | _aUPN01000041050 | ||
| 049 | _aI | ||
| 050 | 4 |
_aPZ76.3 _bT5.58 |
|
| 100 | 1 |
_aTison, Annette, _d1942- _933266 |
|
| 245 | 1 | 0 |
_aNidos y madrigueras / _cAnnette Tison, Talus Taylor ; tr. Isabel Vericat. |
| 260 |
_aMéxico : _bSEP, _c1992. |
||
| 300 |
_a35 p. : _bil. col. |
||
| 650 | 4 |
_aANIMALES - _vLITERATURA JUVENIL _91062 |
|
| 650 | 4 |
_aCONDUCTA SOCIAL EN LOS ANIMALES _99742 |
|
| 650 | 4 |
_aEnciclopedias y diccionarios infantiles _98587 |
|
| 700 | 1 |
_aTaylor, Talus, _d1933- _ecoaut. _933267 |
|
| 905 | _aInfantil | ||
| 999 |
_c41050 _d41050 |
||